| 000 | 00726cam a2200265 a 4500 | ||
|---|---|---|---|
| 999 |
_c1886 _d1886 |
||
| 001 | 3798852 | ||
| 003 | OSt | ||
| 005 | 20180921171415.0 | ||
| 008 | 840920s1984 enk b 001 0 eng | ||
| 010 | _a 84217510 | ||
| 020 |
_a0264668243 (pbk.) : _c£3.95 |
||
| 040 |
_aDLC _cDLC _dDLC |
||
| 050 | 0 | 0 |
_aBV4526.2 _b.G73 1984 |
| 082 |
_a261.8 _bG795F |
||
| 100 | 1 | _aGreen, Wendy. | |
| 245 | 1 | 4 |
_aThe future of the family / _cby Wendy Green. |
| 260 |
_aLondon : _bMowbray, _c1984. |
||
| 300 |
_ax, 175 p. ; _c22 cm. |
||
| 500 | _aIncludes index. | ||
| 504 | _aBibliography: p. 172. | ||
| 650 | 0 |
_aFamilies _xReligious life. |
|
| 650 | 0 | _aFamilies. | |
| 906 |
_a7 _bcbc _corignew _d3 _encip _f19 _gy-gencatlg |
||
| 942 |
_2ddc _cBK |
||